• 首页
  • 本馆介绍
  • 公告通知
  • 最新文献
  • 馆藏检索
  • 电子资源
  • 读者导购
  • 参考咨询
  • 我的图书馆
  • 登录
  • 详细信息显示
  • 放入我的书架
  • 预约/预借图书
  • 作者相关作品
  • 分类相关作品
  • 丛书相关作品
  • 出版社相关作品

书目信息

  • 表格格式
  • 工作单格式
  • 卡片格式
题名:
楼市迷局
    
 
作者: 张志前 编著
分册:  
出版信息: 北京   中国经济出版社  2009
页数: 250页
开本: 25cm
丛书名:
单 册:
中图分类: F299.233.5
科图分类:
主题词: 房地产业--研究--中国 , 房地产业
电子资源:
ISBN: 978-7-5017-9448-5
000 00844nam0 2200241 45
001 1032989171
005 20100408161236.68
010    @a978-7-5017-9448-5@dCNY36.00
100    @a20100331d2009 em y0chiy50 ea
101 0  @achi
102    @aCN@b110000
105    @aa z 000yy
106    @ar
200 1  @a楼市迷局@ALou Shi Mi Ju@f张志前编著@FZhang Zhi Qian Bian Zhu
210    @a北京@c中国经济出版社@d2009
215    @a250页@c图@d25cm
330    @a本书从全球金融危机下的中国楼市谈起,详细阐述了房价构成因素和影响因素。本书从供给、需求、信贷和调控等四个方面分析了中国楼市,揭示了中国楼市乱象浮华背后隐藏的许多深层次问题。
606 0  @a房地产业@x研究@y中国
606 0  @a房地产业
690    @aF299.233.5@v4
701  0 @a张志前@AZhang Zhi Qian@c(经济学)@4编著
801  0 @aCN@bTANGWEI@c20100408
905    @b0587146-50@dF299.233.5@e844@f5
    
    楼市迷局/张志前编著.-北京:中国经济出版社,2009
    250页:图;25cm
    
    
    ISBN 978-7-5017-9448-5:CNY36.00
    本书从全球金融危机下的中国楼市谈起,详细阐述了房价构成因素和影响因素。本书从供给、需求、信贷和调控等四个方面分析了中国楼市,揭示了中国楼市乱象浮华背后隐藏的许多深层次问题。
●
相关链接 在E读中查询图书 在五车中查询图书 在当当中查询图书 在豆瓣中查询图书


正题名:楼市迷局     索取号:F299.233.5/844         预约/预借

序号 登录号 条形码 馆藏地/架位号 状态 备注
1 0587146   205871467   第一样本阅览室/ [索取号:F299.233.5/844] 在馆    
2 0587147   205871476   第一借阅区/ [索取号:F299.233.5/844] 在馆    
3 0587148   205871485   第一借阅区/ [索取号:F299.233.5/844] 在馆    
4 0587149   205871494   第一借阅区/ [索取号:F299.233.5/844] 在馆    
5 0587150   205871500   第一借阅区/ [索取号:F299.233.5/844] 在馆    
唐山师范学院图书馆 欢迎您!
大连网信软件有限公司© 版权所有